000
00301nam a2200097Ia 4500
005
20250424112934.0
008
250424s9999 xx 000 0 und d
300
_a
190 p. : ill. ; 27 cm.
650
_a
Food industry and trade--United States. Profit--United States. Regression analysis.
942
_c
SR
999
_c
37991
_d
37991